000
00265nam a22001097a 4500
008
240709b |||||||| |||| 00| 0 eng d
100
_a
Memnani, Narayan Das
_9
16758
245
_a
Vidhva
260
_a
Bombay:
_b
Lok Sewa Mandal;
_c
1964.
300
_a
258p.
942
_c
BK
999
_c
39886
_d
39886